000 00732nam a22002657a 4500
001 BR9702641
003 BR-BrBNA
005 20230928095441.0
007 ta
008 230509b bl.||||| |||| 00| 0 por d
040 _aBR-BrBNA
_bpor
_cBiblioteca Nacional de Agricultura
041 _a(Por)
072 _aL01
_b9702
090 _ 9702 BR9702641
110 1 _aConselho Nacional de Desenvolvimento da Pecuaria, Brasilia, DF (Brasil)
_92664
245 1 _aPrograma BIRD: meios para produzir carne e lucros
260 3 _aBrasilia, DF (Brasil):
_c[nd].
300 _a16 p.
650 _aBoi
650 _aMercado Nacional
650 _aConsumo
650 _aProducao
909 _a202309
_bLucia
_c55
_dLucia Elande
942 _cBK
999 _c56638
_d56638